|
|
|
|
| LEADER |
00000nam0a2200000 4500 |
| 001 |
303724 |
| 005 |
20231102001630.0 |
| 010 |
|
|
|a 9785894282992
|
| 035 |
|
|
|a (RuTPU)RU\TPU\book\328951
|
| 090 |
|
|
|a 303724
|
| 100 |
|
|
|a 20150904d2009 k y0rusy50 ca
|
| 101 |
0 |
|
|a rus
|
| 102 |
|
|
|a RU
|
| 105 |
|
|
|a y z 001zy
|
| 200 |
1 |
|
|a Психологическая коррекция девиантных форм материнского поведения
|f И. Л. Шелехов, А. М. Уразаев
|g Томский государственный педагогический университет (ТГПУ)
|
| 210 |
|
|
|a Томск
|c Изд-во ТГПУ
|d 2009
|
| 215 |
|
|
|a 125 с.
|
| 320 |
|
|
|a Библиогр.: с. 95-110.
|
| 330 |
|
|
|a Б книге представлены материалы, характеризующие проблемы исследования формирования репродуктивных установок, психологические особенности репродуктивного поведения современных женщин. Обозначены пути психологической коррекции интропсихического конфликта, вызванного конкуренцией равнозначных ценностей; расстройств тендерной идентичности; девиантных форм материнского поведения. Приведен библиографический материал, посвященный конкретной проблеме. Монография адресована специалистам, аспирантам, профессорско-преподавательскому составу ВУЗов, а также широкому кругу читателей, чьи профессиональные интересы связаны с особенностями личности, тендером и психологическими аспектами репродуктивного поведения современных женщин.
|
| 606 |
1 |
|
|a Женщины
|x Психология
|2 stltpush
|3 (RuTPU)RU\TPU\subj\10816
|9 37837
|
| 610 |
1 |
|
|a материнское поведение
|
| 610 |
1 |
|
|a психологическая коррекция
|
| 610 |
1 |
|
|a девиантное поведение
|
| 610 |
1 |
|
|a девиантность
|
| 610 |
1 |
|
|a беременность
|
| 610 |
1 |
|
|a беременные женщины
|
| 610 |
1 |
|
|a личностные особенности
|
| 686 |
|
|
|a Ю937.3
|v LBC/SL-A
|2 rubbk
|
| 700 |
|
1 |
|a Шелехов
|b И. Л.
|g Игорь Львович
|
| 701 |
|
1 |
|a Уразаев
|b А. М.
|g Александр Михайлович
|
| 712 |
0 |
2 |
|a Томский государственный педагогический университет (ТГПУ)
|c (1995- )
|2 stltpush
|3 (RuTPU)RU\TPU\col\40
|
| 801 |
|
1 |
|a RU
|b 63413507
|c 20150904
|
| 801 |
|
2 |
|a RU
|b 63413507
|c 20150914
|g RCR
|
| 942 |
|
|
|c BK
|